000 00405 a2200157 4500
005 20250414083554.0
020 _a978-1-292-08505-0
082 _a657 SAN
100 _aWOOD'S, F.
245 _aBusiness Accounting 2.
250 _a13th Ed.
260 _aNew York,
_bPearson Education Limited,
_c2016.
300 _axxi,856p.: ill.;
_bGlossary & Index
_c24cm
700 _aSANGSTER, A.
942 _2ddc
_cBKS
999 _c1361
_d1361